banner-ar

فن المونتاج السينمائى / (Record no. 40058)

MARC details
000 -الفاتح
حقل البيانات ثابتة الطول 00529nam a2200193Ia 4500
008 - عناصر البيانات ثابتة الطول - معلومات عامة
حقل البيانات ثابتة الطول 140319s9999 xx 000 0 ara d
040 ## - مصدر الفهرسة
وكالة الفهرسة الأصلية GCL /
وكالة النسخ GCL
082 04 - رقم تصنيف ديوى العشرى
رقم التصنيف 791.43
رقم المادة ر ف
100 1# - المدخل الرئيسى - إسم شخصى
الإسم الشخصى احمد الحضرى
245 10 - بيان العنوان
العنوان فن المونتاج السينمائى /
بيان المسئوليه,etc احمد الحضرى
700 1# - المدخل الاضافى - اسم شخصى
الإسم الشخصى رايس، كاريل
700 1# - المدخل الاضافى - اسم شخصى
الإسم الشخصى احمد كامل مرسى
300 ## - الوصف المادى
التعداد 416 ص
490 ## - بيان السلسلة
عنوان السلسلة
650 04 - المدخل الاضافى بالموضوع-مصطلح موضوعى
مصطلح موضوعي السينما
650 04 - المدخل الاضافى بالموضوع-مصطلح موضوعى
مصطلح موضوعي الاخراج السينمائى
942 ## - عناصر المدخل الإضافي( كوها)
مصدر التصنيف او مخطط الترفيف Dewey Decimal Classification
Koha [default] item type كتاب
Holdings
حالة التراجع حالة الفقد حالة تلف ليس للاعارة المكان المؤقت الموقع الحالى تاريخ الاكتساب اجمالي اﻻعارات رقم الطلب الباركود تاريخ اخر مشاهدة تاريخ تفعيل السعر نوع وعاء كوها
        مكتبة القاهرة الكبرى مكتبة القاهرة الكبرى 03/26/2014   791.43\ر ف 97435 03/26/2014 03/26/2014 كتاب

Powered By

EGPV